Countries containing A - Statistics

General Stats
  • This quiz has been taken 33 times
  • The average score is 88 of 166
Answer Stats
Answer % Correct
Argentina
92%
Austria
92%
Canada
88%
France
88%
United States
88%
Brazil
84%
Colombia
84%
Costa Rica
84%
Estonia
84%
Finland
84%
Germany
84%
Guatemala
84%
Iceland
84%
Italy
84%
Albania
80%
Andorra
80%
Bahamas
80%
Barbados
80%
China
80%
Denmark
80%
Netherlands
80%
Antigua and Barbuda
76%
Australia
76%
Bolivia
76%
El Salvador
76%
Guyana
76%
Ireland
76%
Japan
76%
Latvia
76%
Monaco
76%
Nicaragua
76%
Panama
76%
Paraguay
76%
Poland
76%
Spain
76%
Croatia
72%
Dominican Republic
72%
Honduras
72%
Lithuania
72%
Malta
72%
Portugal
72%
Russia
72%
Uruguay
72%
Bosnia and Herzegovina
68%
Bulgaria
68%
Dominica
68%
Haiti
68%
Jamaica
68%
Norway
68%
Venezuela
68%
Algeria
64%
Belarus
64%
Cuba
64%
India
64%
Switzerland
64%
Armenia
60%
Cambodia
60%
Ecuador
60%
Hungary
60%
Israel
60%
Saint Kitts and Nevis
60%
Saint Lucia
60%
Saint Vincent and the Grenadines
60%
Serbia
60%
Slovakia
60%
Vatican City
60%
Azerbaijan
56%
Kazakhstan
56%
North Macedonia
56%
Romania
56%
Suriname
56%
Afghanistan
52%
Angola
52%
Gabon
52%
Indonesia
52%
Jordan
52%
Laos
52%
Lebanon
52%
New Zealand
52%
San Marino
52%
Saudi Arabia
52%
Slovenia
52%
South Korea
52%
Thailand
52%
United Arab Emirates
52%
Bahrain
48%
Bangladesh
48%
Bhutan
48%
Botswana
48%
Gambia
48%
Georgia
48%
Grenada
48%
Guinea
48%
North Korea
48%
Singapore
48%
Trinidad and Tobago
48%
Tunisia
48%
Ukraine
48%
D.R Congo
44%
Ghana
44%
Iran
44%
Iraq
44%
Kuwait
44%
Moldova
44%
Nauru
44%
Nepal
44%
Pakistan
44%
Palau
44%
Tonga
44%
Guinea-Bissau
40%
Kenya
40%
Kyrgyzstan
40%
Libya
40%
Mauritania
40%
Myanmar
40%
Namibia
40%
South Africa
40%
Sri Lanka
40%
Syria
40%
Tuvalu
40%
Vietnam
40%
Malaysia
36%
Mali
36%
Marshall Islands
36%
Mauritius
36%
Mongolia
36%
Nigeria
36%
Oman
36%
Papua New Guinea
36%
Tajikistan
36%
Burkina Faso
32%
Cameroon
32%
Cape Verde
32%
Central African Republic
32%
Chad
32%
Liberia
32%
Maldives
32%
Qatar
32%
Senegal
32%
Solomon Islands
32%
Sudan
32%
Taiwan
32%
Turkmenistan
32%
Zambia
32%
East Timor
28%
Equatorial Guinea
28%
Madagascar
28%
Malawi
28%
Samoa
28%
Somalia
28%
Tanzania
28%
Uganda
28%
Uzbekistan
28%
Vanuatu
28%
Zimbabwe
28%
Eswatini
24%
Ethiopia
24%
Federated States of Micronesia
24%
Kiribati
24%
Mozambique
24%
South Sudan
24%
Eritrea
20%
Rwanda
20%
Sao Tome and Principe
20%
Sierra Leone
20%
Ivory Coast
8%
No matching quizzes found
Score Distribution
Percent of People with Each Score
Percentile by Number Answered
Your Score History
You have not taken this quiz